| 000 | 00778nam a2200229Ia 4500 | ||
|---|---|---|---|
| 999 |
_c35989 _d35989 |
||
| 001 | 1888 | ||
| 003 | GE_BSU | ||
| 005 | 20221007160647.0 | ||
| 008 | 181216s2007ru xx |||||||||||||| ||rus|| | ||
| 020 | _a5797507285 | ||
| 040 | _cGE_BSU | ||
| 041 | _arus | ||
| 080 | _a343.98(975.8) К-82 | ||
| 245 |
_aКриминалистика : _bУчебное пособие для студ. вузов / _cОтв. ред.Н.П. Яблокова. |
||
| 250 | _aИзд. 3-ье перер. и доп. | ||
| 264 |
_aМосква : _bЮристь, _c2007. |
||
| 300 |
_a781 с.: _b21 см. |
||
| 653 | _aКриминалистика | ||
| 653 | _aკრიმინალისტიკა | ||
| 700 |
_aЯблокова, Н.П. _eრედაქტორი _915156 |
||
| 942 |
_cBK _2udc |
||